00361nam a22001217a 4500008004100000020001800041082001600059100002200075245003900097250001700136260007500153300001100228191212b ||||| |||| 00| 0 eng d a9789352138333 a574.00bBHA aBharath Ramsundar aDeep Learning for the life Science a1st Ed. 2019 aSPD Ltd. Sanpada Navi MumbaibSPD Ltd. Sanpada Navi Mumbaic09/12/2019 aPB/222